Góp phần nghiên cứu thành phần hóa học hạt và vỏ trái chôm chôm (Nephelium Iappaceum L.) : Luận văn thạc sĩ hoá học chuyên ngành hoá hữu cơ

Đại cương về thực vật, cây chôm chôm, hạt và vỏ trái chôm chôm, nguyên liệu và phương pháp nghiên cứu,...

Enregistré dans:
Détails bibliographiques
Auteur principal: Hàng, Thanh Thảo
Format: Livre
Langue:Undetermined
Publié: Cần Thơ Trường Đại học Cần Thơ 2012
Sujets:
Tags: Ajouter un tag
Pas de tags, Soyez le premier à ajouter un tag!
Thư viện lưu trữ: Trung tâm Học liệu Trường Đại học Cần Thơ
LEADER 00993nam a2200217Ia 4500
001 CTU_177768
008 210402s9999 xx 000 0 und d
082 |a 547.3 
082 |b Th108 
088 |a 60440114 
100 |a Hàng, Thanh Thảo 
245 0 |a Góp phần nghiên cứu thành phần hóa học hạt và vỏ trái chôm chôm (Nephelium Iappaceum L.) : 
245 0 |b Luận văn thạc sĩ hoá học chuyên ngành hoá hữu cơ 
245 0 |c Hàng Thanh Thảo ; Nguyễn Ngọc Hạnh (hướng dẫn khoa học) 
260 |a Cần Thơ 
260 |b Trường Đại học Cần Thơ 
260 |c 2012 
520 |a Đại cương về thực vật, cây chôm chôm, hạt và vỏ trái chôm chôm, nguyên liệu và phương pháp nghiên cứu,... 
650 |a Chemistry, organic,Hóa học hữu cơ 
904 |i Trang,Hải 
980 |a Trung tâm Học liệu Trường Đại học Cần Thơ